| 000 | 004300000a22001810004500 | ||
|---|---|---|---|
| 003 | LK-CoMWRAF | ||
| 008 | 230817t ||||| |||| 00| 0 eng d | ||
| 040 |
_aLK-CoMWRAF _dLK-CoMWRAF _eLK-CoMWRAF |
||
| 041 | _aeng | ||
| 082 |
_a420 _bKAI |
||
| 100 | _aKailasapathi, K | ||
| 245 |
_aSarvathesa arasiyal patti 1979-1982 _b |
||
| 260 |
_aMadras _bSAB _c1992 |
||
| 300 | _ap.190 | ||
| 650 | _aIndia | ||
| 650 | _aTamil | ||
| 942 | _cBK | ||
| 999 |
_c2871 _d2871 |
||